000 01802cam a22004214a 4500
999 _c77277
_d314554
001 1213254
003 OSt
005 20190822111011.0
008 990414s1999 nz a b 001 0 eng c
010 _a 99023505
020 _a0750303670 (hard cover : alk. paper)
020 _a0750303689 (paperback : alk. paper)
040 _aDNLM/DLC
_cDLC
_dDLC
042 _apcc
050 0 0 _aR895
_b.M375 1999
060 1 0 _aQT 34
_bM48905 1999
082 0 0 _a612.014
_221
_bMEP
245 0 0 _aMedical physics and biomedical engineering /
_cB.H. Brown ... [et al.].
260 _aBristol ;
_aPhiladelphia :
_bInstitute of Physics Pub.,
_c1999.
300 _axxvi, 736 p. :
_bill. ;
_c25 cm.
440 0 _aMedical science series
_974912
500 _aBased on: Medical physics and physiological measurement / B.H. Brown & R.H. Smallwood. Oxford ; Boston : Blackwell Scientific Publications, 1981.
504 _aIncludes bibliographical references and index.
650 0 _aMedical physics.
_974913
650 0 _aBiomedical engineering.
_974914
650 0 _aHuman physiology
_xMeasurement.
_974915
650 0 _aBiomedical engineering.
_974914
650 0 _aHuman physiology
_xMeasurement.
_974915
650 1 2 _aBiophysics.
_974916
650 2 2 _aBiomedical Engineering.
_974917
700 1 _aBrown, B. H.
_q(Brian H.)
_974918
700 1 _aBrown, B. H.
_q(Brian H.)
_tMedical physics and physiological measurement.
_974919
856 4 2 _3Publisher description
_uhttp://www.loc.gov/catdir/enhancements/fy0661/99023505-d.html
906 _a7
_bcbc
_corignew
_d1
_eocip
_f19
_gy-gencatlg
942 _2ddc
_cBOOK